000 01673nam a2200325 i 4500
001 000017335
003 DO-SdBNP
005 20250730142602.0
007 ta
008 100322s1989 dr 000 0 spa d
040 _aDO-SdBNP
_bspa
_cBNPHU
_erda
041 _aspa
082 4 _aRD863.44
_bV422d
_222
100 1 _aVega, Bernardo,
_d1938 -
_eautor
_93222
_4aut.
245 1 0 _aDomini canes :
_blos perros del señor /
_cBernardo Vega ; edición, José Alcántara Almánzar.
264 _aSanto Domingo, República Dominicana :
_bFundación Cultural Dominicana,
_bEditora Amigo del Hogar,
_c1989.
300 _a161 páginas ;
_c20 cm.
336 _atexto
_btxt
_2rdacontent
337 _asin mediación
_bn
_2rdamedia
338 _avolumen
_bnc
_2rdacarrier
500 _aIncluye datos biográficos del autor en las solapas
505 0 _tPrefacio --
_tPresentación de credenciales --
_tUn intercambio de experiencias --
_tJuicio entre iguales --
_tAlabanzas y recriminaciones --
_tDefensa y justificación --
_tLa vengaza de los pollitos --
_tUlises camino a la tumba --
_tRafael, antes de su entierro, protesta --
_tLos cortejos fúnebres --
_tLamentaciones y evocación --
_tElogios fúnebres, sátira popular --
_tLa soledad --
_tUlises ilusionado --
_tRafael Errante --
_tLos perros del señor --
_tLa maldición de Ulises --
_tEpílogo condenatorio de Rafael --
_tBibliografía.
590 _aInventariado, 2020/VM
650 0 _aCuentos dominicanos
_9176
650 0 _aLiteratura dominicana.
_967
700 1 _aAlcántara Almánzar, José,
_d1946-
_eeditor
_97018
_4ed.
740 0 _a Los peros del Señor
910 _aValidado. Control de calidad MMOLINA
942 _2ddc
_cLBS1
999 _c16860
_d16860